Unionsstrukturen und Föderationsmodelle im Osten des ständischen Europa. Anmerkungen zu vergleichenden Ansätzen über das frühneuzeitliche Ostmitteleuropa
| Titel: | Unionsstrukturen und Föderationsmodelle im Osten des ständischen Europa. Anmerkungen zu vergleichenden Ansätzen über das frühneuzeitliche Ostmitteleuropa / Joachim Bahlcke |
|---|---|
| Verfasser: | |
| In: |
Bahlcke, Joachim, 1963-: Gegenkräfte, (2015), Seite 3-19 alle Artikel anzeigen |
| Veröffentlicht: | 2015 |
| Format: | Aufsatz |
| Sprache: | Deutsch |
X
alg: 41527675 001A $03025:01-08-17 001B $01999:01-08-17 $t13:09:13.000 001C $03025:01-08-17 $t09:30:56.000 001D $03025:01-08-17 001U $0utf8 001X $00 002@ $0Aou 002C $aText $btxt $2rdacontent 002D $aohne Hilfsmittel zu benutzen $bn $2rdamedia 002E $aBand $bnc $2rdacarrier 003@ $0415276756 007A $0415276756 $aHEB 010@ $ager 010E $erda 011@ $a2015 021A $aUnionsstrukturen und Föderationsmodelle im Osten des ständischen Europa. Anmerkungen zu vergleichenden Ansätzen über das frühneuzeitliche Ostmitteleuropa $hJoachim Bahlcke 028A $BVerfasser $#Bahlcke, J. $4aut $7122489845 $8Bahlcke, Joachim$Z1963- [Tp3] $9153644141 031A $h3-19 $j2015 037A $aZuvor in: Comparativ. Leipziger Beiträge zur Universalgeschichte und vergleichenden Gesellschaftsforschung, 8 (1998), H. 5, S. 57-73 039B $aEnthalten in $8--Aau--Bahlcke, Joachim$Z1963- [Tp3]. Gegenkräfte. - Marburg : Verlag Herder-Institut, 2015. - XVII, 481 Seiten. - Illustrationen. - ISBN 3-87969-396-X $x201500000000000997 $9357014154 044K $RStand $RStändische Verfassung $#Estates (Social orders) $#Ordres (structure sociale) $74182786-7 $8Stände [Ts1] $9085880639 044K $RÖffentlicher Dienst $#Public administration $#Administration publique $#Administration $#Administration $#Administration $#Öffentliche Verwaltung $#Staatsverwaltung $#Verwalten $#Verwaltungssystem $74063317-2 $8Verwaltung [Ts1] $9085177431 044K $RVerfassungsrecht $RAutonomiestatut $RVerfassungspolitik $#Constitutions $#Constitutions $#Costituzioni politiche $#Constituciones $#Verfassung $#Verfassung $#Staatsverfassung $#Verfassungen $74062787-1 $8Verfassung [Ts1] $9085175501 044K $RSchrifttum $RGeschichtswissenschaft $#Historiography $#Historiographie $#Historiographie $#Historiografie $#Historisierung $74020531-9 $8Geschichtsschreibung [Ts1] $9085049425 044K $ROberschicht $RWeiblicher Adel $RAristokratie $#Nobility $#Noblesse $#Nobiltà $#Nobleza $#Adel $#Adel $#Junker $#Junkertum $#Adliger $#Adeliger $#Adlige $#Uradel $74000464-8 $8Adel [Ts1] $9084991682 045R $aGeschichte 1500-1650 lok: 41527675 78 exp: 41527675 78 1 #EPN 201B/01 $012-11-20 $t10:09:36.000 201C/01 $001-08-17 201U/01 $0utf8 203@/01 $01005128405 208@/01 $a01-08-17 $be 209A/01 $a/ $f000 $x00 209A/01 $ab*p $x01 220C/01 $apgar 244Z/01 $#Ostmitteleuropa $#Ostmitteleuropa $#Mitteleuropa, Ost $#Central Europe Ostmitteleuropa $#Mittelosteuropa $74075753-5 $8--Tg1--Ostmitteleuropa $x01 $9085214485 247C/01 $82080>Marburg/Lahn, Herder-Institut, Forschungsbibliothek, Bibliographieportal $9336309341
| LEADER | 00000caa a2200000 c 4500 | ||
|---|---|---|---|
| 001 | 415276756 | ||
| 003 | DE-603 | ||
| 005 | 20170801130913.0 | ||
| 007 | tu | ||
| 008 | 170801s2015 xx |||| | u00||u|ger c | ||
| 035 | |a (DE-599)HEB415276756 | ||
| 040 | |a DE-603 |b ger |c DE-603 |d DE-603 |e rda | ||
| 041 | |a ger | ||
| 100 | 1 | |a Bahlcke, Joachim |d 1963- |e Verfasser |4 aut |0 (DE-603)153644141 |0 (DE-588)122489845 |2 gnd | |
| 245 | 0 | 0 | |a Unionsstrukturen und Föderationsmodelle im Osten des ständischen Europa. Anmerkungen zu vergleichenden Ansätzen über das frühneuzeitliche Ostmitteleuropa |c Joachim Bahlcke |
| 264 | 0 | |c 2015 | |
| 336 | |a Text |b txt |2 rdacontent | ||
| 337 | |a ohne Hilfsmittel zu benutzen |b n |2 rdamedia | ||
| 338 | |a Band |b nc |2 rdacarrier | ||
| 500 | |a Zuvor in: Comparativ. Leipziger Beiträge zur Universalgeschichte und vergleichenden Gesellschaftsforschung, 8 (1998), H. 5, S. 57-73 | ||
| 648 | 7 | |a Geschichte 1500-1650 |2 gnd | |
| 650 | 7 | |a Stände |0 (DE-588)4182786-7 |0 (DE-603)085880639 |2 gnd | |
| 650 | 7 | |a Verwaltung |0 (DE-588)4063317-2 |0 (DE-603)085177431 |2 gnd | |
| 650 | 7 | |a Verfassung |0 (DE-588)4062787-1 |0 (DE-603)085175501 |2 gnd | |
| 650 | 7 | |a Geschichtsschreibung |0 (DE-588)4020531-9 |0 (DE-603)085049425 |2 gnd | |
| 650 | 7 | |a Adel |0 (DE-588)4000464-8 |0 (DE-603)084991682 |2 gnd | |
| 773 | 0 | 8 | |i Enthalten in |a Bahlcke, Joachim, 1963- |t Gegenkräfte |d Marburg : Verlag Herder-Institut, 2015 |h XVII, 481 Seiten, Illustrationen |z 387969396X |z 9783879693962 |g (2015), Seite 3-19 |w (DE-603)357014154 |
| 924 | 0 | |9 2080 |a (DE-603)1005128405 |b DE-2080 |c HES |d d |g / | |


